000 00616nam a2200253Ia 4500
005 20260121160139.0
008 008 260114s9999 xx 000 0 eng d
020 _a9781315210520
037 _aEBOOK
040 _aCRL
040 _beng
040 _cCRL
041 _2eng
041 _aeng
084 _qCRL
100 _a Gerald Cohen; Stephen Goranson; Matthew Little
_91028288
245 0 _aOrigin of Kibosh
260 _bTaylor and Francis
260 _c2018
856 _uhttp://www.taylorfrancis.com/books/9781315210520
942 _cEBOOK
999 _c1595107
_d1595107